Statistiken für Autobahnausfahrten A10 (Österreich)

Klicken Sie hier um das Quiz zu spielen!

Allgemein

  • Dieses Quiz wurde 36 mal gespielt
  • Das Durchschnittsergebnis liegt bei 9 aus 22

Antwortstatistiken

BundeslandAntwort% Korrekt
SalzburgSalzburg-Süd
81%
KärntenVillach/Ossiacher See
81%
SalzburgHallein
78%
SalzburgWerfen
63%
SalzburgFlachau
52%
SalzburgGolling
52%
SalzburgZederhaus
52%
SalzburgAltenmarkt
48%
SalzburgKuchl
44%
SalzburgEben im Pongau
37%
KärntenGmünd
37%
SalzburgPass Lueg
37%
KärntenPaternion
37%
SalzburgPfarrwerfen
33%
SalzburgFlachauwinkl
30%
KärntenSpittal an der Drau
30%
SalzburgHüttau
26%
KärntenRennweg
26%
SalzburgSankt Michael
22%
KärntenVillach-West
22%
KärntenSeeboden
19%
SalzburgPuch bei Hallein
15%

Verteilung der Resultate

Perzentil nach korrekt beantworteten Fragen

Anzahl Personen mit jedem Resultat

Ihre Resultats-Entwicklung

Sie haben dieses Quiz noch nicht gespielt